000 00755nam a2200265Ia 4500
003 OSt
005 20220918163424.0
006 a|||||r|||| 00| 0
007 ta
008 220917b |||||||| |||| 00| 0 eng d
020 _a0 7153 6453 7
024 _a30,892
037 _cTextual
040 _aARTS
_cARTS
_beng
041 _2eng
_aeng
082 _aO111,3M591,4:g, L4
100 _aMcqueen Ian
_913052
245 0 _aSherlock Holmes detected
_b the problems of the long stories
260 _aNewton
_bDavid and Charles
_c1974
300 _a227p. illus
_ccm.
500 _aBib 218-19p; Includes index
650 _aENGLISH LITERATURE
942 _hO111,3M591,4:g, L4
_cTEXL
_2CC
999 _c119506
_d119506